| 000 | 00530nam a22001937a 4500 | ||
|---|---|---|---|
| 005 | 20251108172536.0 | ||
| 008 | 250721s9999 xx 000 0 ara d | ||
| 082 | 1 | 4 | _a371.9ملح |
| 100 | 1 | _aملحم، سامي محمد | |
| 245 | 1 | 0 | _aصعوبات التعلم / |
| 264 | 1 |
_aعمان : _bدار المسيرة، |
|
| 300 | _a470 ص | ||
| 650 | 1 | 7 | _aصعوبات التعلم |
| 650 | 1 | 7 | _aالفروق الفردية |
| 650 | 1 | 7 | _aالتربية |
| 650 | 1 | 7 | _aبطء التعلم |
| 942 |
_2ddc _cBK |
||
| 999 |
_c82043 _d82043 |
||